[Event "EU-Cup 16th"]
[Site "Neum"]
[Date "2000.09.25"]
[Round "2.3"]
[White "Shariyazdanov, Andrey"]
[Black "Baklan, Vladimir"]
[Result "1-0"]
[WhiteElo "2582"]
[BlackElo "2599"]
[Annotator "Rabinovich,Al"]
[PlyCount "85"]
[EventDate "2000.09.24"]
[EventType "team-swiss"]
[EventRounds "7"]
[EventCountry "BIH"]
[SourceTitle "CBM 080"]
[Source "ChessBase"]
[SourceDate "2001.01.25"]
[SourceVersion "1"]
[SourceVersionDate "2001.01.25"]
[SourceQuality "1"]
[WhiteTeam "Zagreb Zrinjevac"]
[BlackTeam "Donetsk"]
[WhiteTeamCountry "CRO"]
[BlackTeamCountry "UKR"]

{[%mdl 512]} 1. d4 Nf6 2. Nf3 e6 3. c4 b6 4. g3 Ba6 5. b3 (5. Qa4 Be7 6. Bg2
O-O 7. O-O c6 8. Ne5 b5 9. cxb5 cxb5 10. Qd1 d5 11. Nd2 b4 12. Re1 Qb6 13. Nb3
Nbd7 14. Bg5 $2 {It is really hard to explain such a mistake made by Piket.
Probably he missed after 15.de5 Ng4!} (14. Nxd7 Nxd7 15. Bf4 {with equal
chances.}) 14... Nxe5 15. Bxf6 (15. dxe5 $2 Ng4 16. Bxe7 Qxf2+ 17. Kh1 Ne3 $19)
15... Bxf6 16. dxe5 Bxe5 $19 {0-1 Piket,J-Ivanchuk,V/ Montecatini Terme ITA
2000 (42)}) (5. Qc2 c5 6. Bg2 Nc6 7. dxc5 Bxc5 8. O-O Rc8 9. Qa4 Bb7 10. Nc3
Be7 11. Bf4 Na5 12. Nd2 Bxg2 13. Kxg2 O-O 14. Rfd1 Rc6 15. e4 Qa8 16. f3 Rfc8
17. b3 a6 18. e5 $16 {[%csl Rd7][%cal Gd2e4,Ge4d6] 1-0 Gamundi Salamanca,
A-Rodriguez,A/ Barcelona ESP 2000 (42) The weakness on d7 and no good place
for the knight, gives white good advantage for a long time.}) (5. Qb3 Nc6 {
[%cal Gc6a5]} 6. Bd2 Bb7 {[%cal Gc6d4]} (6... Na5 7. Qa4 $14 {[%csl Ra5,Ra6]})
7. Bc3 Ne4 8. a3 {Unwanted,but needed move.} (8. Bg2 Nxc3 9. bxc3 (9. Nxc3 Nxd4
) 9... Na5 {Black is better.}) 8... Nxc3 9. Qxc3 Be7 10. Qd3 d5 11. cxd5 Qxd5
12. e4 $2 (12. Nc3 $14) 12... Qa5+ 13. Nbd2 O-O-O 14. Rc1 f5 15. b4 fxe4 16.
Qc3 Qd5 17. Ne5 e3 18. Ndf3 exf2+ 19. Kxf2 Rhf8 20. Kg2 g5 $6 (20... Rxf3 21.
Nxf3 b5 $17) 21. Nxc6 {0-1 Timman,J-Polgar,J/ Malmoe SWE 2000 (40)}) (5. Nbd2
Bb4 6. Qc2 O-O 7. Bg2 d5 8. O-O c5 9. dxc5 Bxc5 10. a3 Nbd7 11. cxd5 Nxd5 12.
Nb3 Be7 13. Nbd4 Rc8 14. Qd1 Nc5 15. Bd2 Bb7 16. Qb1 Bf6 17. Rd1 Nc7 18. Bb4
Be4 19. Qa2 Bd5 20. Qb1 Be4 $11 {0-1 Nikolic,P-Palac,M/ Bled SLO 2000 (41)
Black succesfully equalized .}) 5... Bb7 (5... b5 6. cxb5 Bxb5 7. Bg2 (7. Nc3
Ba6 8. Bg2 d5 9. b4 Bd6 10. O-O O-O 11. Rb1 Nbd7 12. Qc2 Qe7 13. a3 Bc4 14. Nd2
Ba6 15. Rd1 c6 16. e4 e5 17. Nb3 $14 {1-0 Anand,V-Karpov,A/ Frankfurt 1997 (49)
}) 7... Bb4+ 8. Bd2 a5 9. O-O O-O 10. a3 Be7 11. Nc3 Bc6 12. Qc2 d5 13. Ne5 Bb7
14. Na4 Nfd7 15. Nd3 Bc6 16. Nac5 Nxc5 17. Nxc5 Ra7 18. Rfc1 $14 {1-0 Tkachiev,
V-Nisipeanu,L/ Naujac-sur-Mer FRA 2000 (28)}) (5... Bb4+ 6. Bd2 Be7 7. Bg2 c6
8. Bc3 d5 9. Ne5 Bb7 10. Nd2 Na6 11. a3 c5 12. b4 O-O 13. dxc5 bxc5 14. b5 Nc7
15. Nb3 Nd7 16. Na5 Nxe5 17. Nxb7 Qc8 18. Bxe5 Qxb7 19. O-O Rad8 20. a4 $16 {
1-0 Beliavsky,A-Georgiev,K/ Belgrade YUG 2000 (41)}) 6. Bg2 Bb4+ 7. Bd2 c5 (
7... a5 8. O-O O-O 9. Qc2 d6 10. Nc3 Nbd7 11. Rad1 Bxc3 12. Bxc3 Be4 13. Qc1 a4
14. Bh3 b5 $11 {0-1 Morovic Fernandez,I-Adams,M/ Istanbul 2000 (35)}) 8. Bxb4
cxb4 9. O-O O-O 10. Nbd2 d6 11. Qc2 (11. Qb1 $5 {With the same idea to push e4,
but also to place the Q on b2,from where it will take control over the e5
square and will help promoting a3 and b4.}) 11... Nc6 12. e4 (12. a3 $6 a5 13.
e4 bxa3 14. Rxa3 Nb4 $15 {[%cal Ge6e5,Gf8e8]}) 12... e5 13. d5 Nb8 {[%cal
Gb8d7,Gd7c5]} 14. a3 bxa3 (14... Na6 $1 {[%cal Gb4a3,Ga6b4,Ga7a5]}) 15. b4 a5
16. c5 {Very interesting pawns sucrafice. White gets very strong initiative.
The pawn on c6 won't let black to get any game, on the same time white pieces
take control all over the board.} Na6 (16... axb4 17. c6 Ba6 18. c7 $6 (18.
Rfb1 $1 $16) 18... Qc8 19. Rfb1 Nbd7 20. Rxb4 Nc5 $17) 17. c6 Nxb4 18. Qc3 Ba6
19. Rfb1 a2 20. Rb2 Ne8 (20... Nd3 $5 21. c7 (21. Rbxa2 Nc5 22. Qe3 a4 23. h3
Re8 $15 {[%cal Ge8e5,Gb6b5]}) 21... Qe7 22. Rxb6 Nc5 23. Rxa2 Qxc7 24. Rc6 Qb7
25. Nxe5 $2 Nfxe4 26. Bxe4 Nxe4 27. Nxe4 Qb1+ 28. Qc1 Qxa2 29. Nc3 Qb3 $19) 21.
Ne1 Qf6 {Black plays very passive,it might be better to try g6 and f5 to get
any counterplay.} 22. Qe3 (22. Nc2 $2 Nd3 {[%cal Gd3b2,Gd3f2]}) 22... Rb8 23.
Nc2 {Exchanging the only active black piece!} Nxc2 24. Rxc2 Nc7 25. Rcxa2 $36
Qd8 26. Rb2 Na8 {White has a pawn less, but it looks like he has two pieces
more.} 27. Bh3 Qc7 28. f4 Qe7 29. Nf3 exf4 30. gxf4 {[%csl Ra5,Ra8,Rb6][%cal
Gg2g7]} Nc7 31. Re1 a4 32. Rg2 {[%cal Gf3d4,Gd4f5]} f5 $8 33. e5 (33. Qd4 fxe4
34. Rxe4 Qf6 35. Qxf6 Rxf6 36. Rxa4 b5 37. Re4 $13) (33. Nd4 $1 Qxe4 (33...
fxe4 34. Nf5 Rxf5 35. Bxf5 Nxd5 36. Qxe4 Qxe4 37. Rxe4 {[%cal Gf5e6,Ge4a4]
White is winning.}) (33... Bc8 34. Bxf5 Nxd5 35. Qg3 Nc7 36. Bxc8 Rbxc8 37. Nf5
Rxf5 38. exf5 Qf6 39. Qg5 Qc3 40. Re7 Qa1+ 41. Kf2 Qd4+ 42. Kg3 Nd5 43. f6 g6
44. f7+ Kf8 45. Rd7 Qe3+ 46. Kh4 {[%cal Gg5h6]} Qxf4+ 47. Qxf4 Nxf4 48. Rg4 Ne6
49. Rxd6 Nc5 50. Rf4 $16 {[%cal Gc6c7,Gd6d8]}) 34. Rxg7+ Kxg7 35. Nxf5+ Qxf5
36. Bxf5 Rxf5 37. Qe7+ Rf7 38. Qxd6 $16 {[%csl Rg7] Two strong pawns in the
center and weak black king give white good chances for win.}) 33... dxe5 (33...
Nxd5 34. Qd4 $18 {[%cal Gd4d6,Ge5d6,Gd4g7]}) 34. Qxe5 Qxe5 35. Rxe5 Rbd8 36.
Bxf5 Rxf5 $6 (36... g6 $5 37. Bxg6 {It looks very tempting to sacrafise the B,
but unfortunatly it's enough only for draw.} (37. Nh4 Rf6 {And black has
better chances in the ending.}) 37... hxg6 38. Rxg6+ Kh7 39. Rg4 (39. Rg3 {
[%cal Gg3a3]} Rxd5 40. Re7+ Kh6 41. Rxc7 Rxf4 42. Ra7 Bc8 43. Ra8 {[%cal Ga8h8]
} Rd8 $13 (43... Rf8 44. Rxa4 $16 {[%csl Rh6]})) 39... Rxd5 40. Re7+ Kh6 41.
Ne5 {[%cal Gg4h4]} (41. Rxc7 a3 42. Ra7 a2 (42... Ra5 43. Ne5 $18 {[%cal Gg4h4]
}) 43. Rxa6 (43. Rh4+ $5 Kg6 44. Rxa6 Ra5 (44... Rd1+ 45. Kg2 a1=Q 46. Rxa1
Rxa1 $11 47. Nd4) 45. Rxa5 bxa5 46. f5+ Rxf5 47. Ra4 Rxf3 48. Rxa2 Rc3 49. Rxa5
Rxc6 $11) 43... Ra5 $19) 41... Rxe5 42. fxe5 Nd5 43. Re6+ Kh5 44. Rxa4 Be2 $14)
37. Rxf5 Bc4 (37... Rxd5 38. Rxd5 Nxd5 39. Rd2 $18) 38. Re5 Bxd5 $2 (38... Nxd5
{This move probably saves black!} 39. Rd2 (39. Reg5 g6 40. Ne5 Bb3 41. f5 Nf4)
39... a3 40. c7 Rc8 41. Rexd5 Bxd5 42. Rxd5 a2 43. Rd8+ (43. Rd1 Rxc7 44. Kf2
Ra7 45. Ra1 b5 46. Nd4 b4 47. Ke2 Ra3 48. Kd2 Kf7 $11) 43... Kf7 44. Rxc8 a1=Q+
45. Kg2 Qc1 46. Ne5+ Ke7 47. Ra8 Qd2+ $11 (47... Qxc7 $2 48. Ra7) 48. Kg3 Qe1+
49. Kg4 Qg1+ 50. Kh3 Qf1+ 51. Kg3 Qg1+) 39. Re7 Ne8 40. Rd2 {I guess it was
the last move in the time pressure,that is why white didn't play the simple 40.
Rd7!.But anyway white's position is winning.} (40. Rd7 $1 $18 Bxf3 41. Rxd8
Bxg2 42. c7 Bh3 43. c8=Q Bxc8 44. Rxe8+ Kf7 45. Rxc8) 40... a3 (40... Nf6 41.
Rd7 Rc8 42. R2xd5 Nxd5 43. Rxd5 Rxc6 44. Rd8+ Kf7 45. Ne5+) 41. c7 Ra8 42. Rxd5
a2 43. Rd1 1-0

[Event "Redbus KO"]
[Site "Southend"]
[Date "2001.04.14"]
[Round "2.2"]
[White "Lalic, Bogdan"]
[Black "Emms, John M"]
[Result "1-0"]
[WhiteElo "2501"]
[BlackElo "2514"]
[Annotator "Rabinovich,Al"]
[PlyCount "117"]
[EventDate "2001.04.13"]
[EventType "k.o."]
[EventRounds "4"]
[EventCountry "ENG"]
[SourceTitle "CBM 083"]
[Source "ChessBase"]
[SourceDate "2001.07.05"]
[SourceVersion "1"]
[SourceVersionDate "2001.07.05"]
[SourceQuality "1"]

{[%mdl 4128]} 1. d4 Nf6 2. c4 e6 3. Nf3 b6 4. g3 Ba6 5. Qa4 {One of the 3
popular moves nowdays in the position, the others are: 5.b3, 5.Nbd2.} Bb7 (5...
Qc8 $5 {Flexble move.Keeping in option plan with c5 and also the plan with c6
and d5.}) 6. Bg2 c5 7. dxc5 bxc5 (7... Bxc5 8. O-O O-O 9. Nc3 Be7 10. Rd1 Na6
11. Bf4 Nc5 12. Qc2 Qc8 13. Rac1 Nce4 14. Nd4 Nxc3 15. Qxc3 a6 16. Bf3 Ra7 17.
Nb3 Bxf3 18. Qxf3 Qb7 19. Qxb7 Rxb7 20. f3 $14 {[%csl Rd7][%cal Ge2e4] 1/2-1/2
Huebner,R-Adams,M/Dortmund GER 2000/The Week in Chess 297 (36)}) 8. O-O Be7 9.
Nc3 O-O 10. Bf4 Qb6 11. Rad1 d6 (11... Rd8 12. Rd2 d5 13. cxd5 exd5 {In my
opinion this is the best continuation for black.I really don't see any sense
in playing d6 and later defending this P .Pushing d5 is the best way to fight
for the center.But it might be that not everyone likes this kind of positions.}
) 12. Rd2 {This position probably was known to both players.White plan is
pretty obvious: pressure on d6.a3 and b4 also possible after forcing black to
concentrate on defence of d6P..One of the white ideas is to play Qb5 and to
enter a slightly better ending.Black has to bring the Nb8 to the game and play
in the center,the best is to play d5.} Rd8 (12... h6 13. Rfd1 e5 14. Be3 Nc6
$14) 13. Rfd1 Nc6 $6 {This move is probably leading to worse ending.} (13...
Na6 $142) 14. Bxd6 Bxd6 15. Rxd6 Qxb2 (15... Rxd6 16. Rxd6 Qxb2 17. Qb5 Qc1+ (
17... Qxb5 18. cxb5 {The game.}) 18. Bf1 Rd8 19. Ne4 Rxd6 20. Nxd6 $18 {
[%csl Rb7,Rc6]}) 16. Qb5 $1 {Very good move.Black forced to enter the ending,
which finds out as a very difficult one.} Qxb5 (16... Qxc3 17. Qxb7 {[%csl Rc6,
Rd8]} Rxd6 18. Qxa8+ $18) 17. cxb5 Rxd6 18. Rxd6 Nb4 $6 (18... Ne7 19. Ne5 Bxg2
20. Kxg2 Ned5 21. Nxd5 Nxd5 22. Rc6 $16) 19. Ne5 Bxg2 20. Kxg2 Kf8 21. e4 $1
$16 {[%csl Rb4]} Ke7 22. Rd2 {[%cal Ga2a3]} c4 $8 (22... Rd8 23. Rxd8 Kxd8 24.
Nxf7+ Kc7 25. f4 $16 {[%cal Gg2f3]}) 23. Rd4 Rc8 24. Rxc4 Rxc4 25. Nxc4 $16 {
From now it is just the metter of technic.White is pawn up and black has no
compensation.White has to be carrefull not to exchange to many pawns.Black's
hope is to sacrafise sometime the knights for many white pawns as possible.} a6
26. bxa6 Nxa6 27. f4 Nd7 28. Kf3 f6 29. e5 Nb4 30. Ke3 Nc6 31. exf6+ gxf6 32.
a3 f5 33. h3 {Before pushing the a-P,white prepares the K-side.White plan is:1.
Putting the best the knights. 2.Pushing the a-pawn.3.After black will be busy
with stoping the a-pawn,white will bring the K to K-side.} Kf6 34. Nb5 Nc5 35.
Nd4 {Every exchange is good for white.White uses that fact to improve his
pieces.} Ne7 36. Nb6 {[%csl Gd5][%cal Ga3a5] Preventing from black N entering
the d5 square.N on b6 is placed also good for pushing a-P.} e5 {Black tries to
exchange as many pawns as possible.} 37. fxe5+ Kxe5 38. a4 Ng6 39. a5 f4+ 40.
gxf4+ Nxf4 {Black is so close to exchange the last white P on h3,after what it
will be enough to sacrafise one of the knights for a-P.,but one tempi is
always a problem,isn't it?! All the game of chess is built on "one tempi".
White exchanges one N after what it is much easier to win.} 41. Nc4+ Kd5 42.
Kxf4 Kxc4 43. Ke5 h5 (43... Nd7+ 44. Kd6 Kxd4 45. Kxd7 Kc5 46. Ke6 $18) 44. Ne6
Nd3+ 45. Ke4 {The best move.} (45. Kf5 Kb5 46. Kg5 $4 (46. Nf4 {Still would
leave the winning chances.}) 46... h4 47. a6 (47. Kxh4 Nf2 $11 {[%cal Gf2h3]})
47... Kxa6 48. Nc5+ Nxc5 49. Kxh4 Ne4 $11) 45... Nb4 46. Nf4 Kb5 47. Nxh5 Kxa5
48. h4 $18 {Black K is far and black is hopless.} Kb6 49. Nf6 {[%csl Gd5,Gd7,
Ge8,Gg8] Very important square.As we will se soon the N controls few important
squares from there.} Kc7 50. h5 Nc6 51. h6 Nd8 52. h7 {The rest is simple and
needs no explanation.} Nf7 53. Kf5 Kd6 54. Kg6 Ke6 55. Kg7 Ke7 56. Ng4 Ke8 (
56... Nh8 57. Ne5 Ke8 58. Ng6 Nf7 59. Kf6 $18) 57. Ne5 Nh8 58. Ng6 Nf7 59. Kf6
1-0

[Event "St Petersburg-ch"]
[Site "St Petersburg"]
[Date "2001.04.16"]
[Round "6"]
[White "Ionov, Sergey"]
[Black "Yemelin, Vasily"]
[Result "1/2-1/2"]
[WhiteElo "2505"]
[BlackElo "2522"]
[Annotator "Rabinovich,Al"]
[PlyCount "46"]
[EventDate "2001.04.10"]
[EventType "tourn"]
[EventRounds "11"]
[EventCountry "RUS"]
[EventCategory "9"]
[SourceTitle "CBM 083"]
[Source "ChessBase"]
[SourceDate "2001.07.05"]
[SourceVersion "1"]
[SourceVersionDate "2001.07.05"]
[SourceQuality "1"]

1. d4 Nf6 2. c4 e6 3. Nf3 b6 4. g3 Ba6 5. b3 Bb7 6. Bg2 Bb4+ 7. Bd2 c5 (7... a5
8. O-O O-O 9. Qc2 d6 10. Nc3 Nbd7 11. Ne1 Qc8 12. Rc1 Re8 13. Nb5 Bxg2 14. Nxg2
Qb8 15. a3 Bxd2 16. Qxd2 c6 17. Nc3 d5 18. Rfd1 b5 19. cxb5 cxb5 20. Qd3 b4 21.
Nb5 Rc8 22. a4 {1/2-1/2 Korchnoi,V-Adams,M/Wijk aan Zee NED 2000/The Week in
Chess 272 (22)}) 8. O-O (8. Bxb4 $5 {This line seems to be the sharpest one.
White gains good initiative for the sacrafised material.} cxb4 9. O-O O-O 10.
Nbd2 d6 11. Qc2 Nc6 12. e4 e5 13. d5 Nb8 14. a3 bxa3 15. b4 a5 16. c5 $36 {
1-0 Shariyazdanov,A-Baklan,V/Neum BIH 2000/The Week in Chess 308 (43)}) 8...
O-O 9. dxc5 {This move doesn't promise white much.White should look for
advantage in the 9.Bb4 line.} (9. Bxb4 cxb4 10. Qd3 d6 11. Nbd2 a5 12. Nh4 Bxg2
13. Nxg2 Nc6 14. Ne4 a4 15. Ne3 Nxe4 16. Qxe4 Qd7 17. d5 Na5 $132 {1-0 Van
Wely,L-Gelfand,B/Monte Carlo 1999/CBM 69 ext (88)}) 9... Bxc5 (9... bxc5 10.
Nc3 d5 11. cxd5 exd5 12. Na4 Bxd2 13. Nxd2 Qe7 14. e4 dxe4 15. Re1 $14 {
[%csl Rc5][%cal Ga4c3]}) 10. Nc3 Nc6 $5 $146 {[%mdl 8] This is a new move.
Black already tried here 10...Ne4,10...Be7, 10...Na6, 10...d5. All this moves
are playble.The move in the text seems to be an interesting one too.} (10...
Ne4 11. Nxe4 Bxe4 12. Bc3 d5 13. cxd5 Bxd5 14. Ne5 Bxg2 15. Kxg2 {1/2-1/2
Petursson,M-Hjartarson,J/Copenhagen 1997/CBM 59 (15)}) 11. Bg5 (11. a3 $5 Be7
12. Bf4 (12. b4 $6 a5 13. b5 Nb8 14. Bf4 d6 {[%cal Gb8d7,Gd7c5]}) 12... d5 13.
cxd5 exd5 14. b4 $14) 11... Be7 12. Rc1 {[%cal Gg5f6,Gc3e4,Ge4d6]} Nb4 (12...
Rc8 13. Bxf6 Bxf6 14. Ne4 Bb2 15. Rc2 d5 16. Rxb2 (16. Rd2 $2 dxe4 17. Rxd8
Rfxd8 18. Nd2 Bc3 $17) 16... dxe4 17. Qxd8 Rfxd8 18. Ng5 {Winning a pawn.}) 13.
Qd2 d5 14. Nd4 (14. a3 Na6 $132 {[%csl Ra3]}) 14... h6 15. Bxf6 (15. Bf4 Qd7
16. a3 Nc6 $11) 15... Bxf6 16. Rfd1 $14 Qd7 17. cxd5 {It was better to leave
the pressure in the center,by playing 17.a3.} (17. a3 $5 Bxd4 (17... Nc6 18.
Nxc6 Bxc6 19. cxd5 exd5 20. Nxd5 Bxd5 21. e4 $16) 18. Qxd4 Nc6 19. Qg4 d4 20.
b4 f5 21. Qh4 Rad8 22. c5 $14 {[%cal Gc3b5,Gb5d6]}) 17... Nxd5 18. Nxd5 exd5
19. e3 {White is still slightly better due to weakness on d5 and Bb7,but it is
hard to get more than that.If white will try to remove the N to any   square
to attack d5P,black always will have the possibility to play d4 and to open
both of his bishops.} Rac8 20. h4 Rc5 {[%cal Gf8c8]} 21. Ne2 Rd8 22. Rxc5 bxc5
23. Qa5 d4 $132 {The position is getting complicated.Black sacrafises the P to
gain some initiative.It is a pity players didn't continue to play,it could
have been an interesting buttle.} 1/2-1/2

[Event "EU-Cup 16th"]
[Site "Neum"]
[Date "2000.09.27"]
[Round "4.3"]
[White "Gyimesi, Zoltan"]
[Black "Shariyazdanov, Andrey"]
[Result "1-0"]
[WhiteElo "2539"]
[BlackElo "2582"]
[Annotator "Rabinovich,Al"]
[PlyCount "55"]
[EventDate "2000.09.24"]
[EventType "team-swiss"]
[EventRounds "7"]
[EventCountry "BIH"]
[SourceTitle "CBM 080"]
[Source "ChessBase"]
[SourceDate "2001.01.25"]
[SourceVersion "1"]
[SourceVersionDate "2001.01.25"]
[SourceQuality "1"]
[WhiteTeam "Miskolci"]
[BlackTeam "Zagreb Zrinjevac"]
[WhiteTeamCountry "HUN"]
[BlackTeamCountry "CRO"]

1. d4 Nf6 2. c4 e6 3. Nf3 b6 4. g3 Ba6 5. b3 Bb4+ 6. Bd2 Be7 (6... Bxd2+ 7.
Qxd2 c6 8. Qc2 d5 9. Nbd2 Nbd7 10. Bg2 c5 11. O-O O-O 12. e4 cxd4 13. exd5 exd5
14. Nxd4 Rc8 15. Rfe1 g6 16. Rac1 b5 17. Qb2 bxc4 18. bxc4 Bxc4 $2 (18... Nc5
$132) 19. Nxc4 Rxc4 20. Rxc4 dxc4 21. Nc6 $16 {[%csl Ra7,Rc4,Gc6] 1-0 Gelfand,
B-Psakhis,L/Haifa ISR 2000 (37)}) 7. Bg2 (7. Nc3 Bb7 8. Bg2 O-O 9. O-O Na6 10.
Re1 d5 11. cxd5 exd5 12. Ne5 c5 13. Be3 Nc7 14. dxc5 bxc5 15. Na4 Ne6 16. Rc1
Rc8 17. Nd3 Qa5 18. Naxc5 Bxc5 19. Bxc5 Nxc5 20. Rxc5 Rxc5 21. b4 Qxa2 22. bxc5
$14 {1-0 Anand,V-Gelfand,B/Shenyang CHN 2000/The Week in Chess 305 (41)}) 7...
c6 8. Bc3 d5 9. Nbd2 (9. Ne5 {[%cal Gg2a8]} Nfd7 10. Nxd7 Nxd7 11. Nd2 O-O 12.
O-O Nf6 13. e4 b5 14. Re1 dxe4 15. Qc2 Rc8 {[%cal Gb5c4,Gc6c5]} 16. Rad1 Nd5 $5
{This move was used by Portisch against Olafsson in Manila1992.Olafsson
sucrafised a piece,unfortunatly it was enough just for draw. For a few years
this move was forgotten and since 1998 it came back in fashion.Black gets good
counterplay if white acceptes the sucrafise.It looks like a safe and solid
line for black.} 17. Bb2 (17. Bxe4 Nxc3 18. Qxc3 Bf6 19. Qc2 g6 20. Nf3 bxc4
21. bxc4 Qa5 22. c5 Bb5 23. Qc1 Qxa2 24. Qf4 Bg7 25. Ra1 Qb2 26. Reb1 Qc3 27.
Rc1 Qb2 28. Rcb1 {1/2-1/2 Izoria,Z-Gershon,A/Yerevan ARM 2000/The Week in
Chess 308 (28)}) 17... f5 18. cxd5 cxd5 19. Qb1 b4 {[%csl Rb2,Rd2,Gd5,Ge4,Ge6,
Gf5,Rg2] 1/2-1/2 Karpov,A-Polgar,J/Buenos Aires ARG 2000/The Week in Chess 307
(40)}) 9... Nbd7 10. O-O O-O 11. Re1 c5 (11... Bb7 12. e4 dxe4 13. Nxe4 c5 14.
Nfg5 $5 (14. Ned2 $14) 14... cxd4 15. Bxd4 Qc7 16. Nxf6+ Bxf6 17. Bxb7 Qxb7 18.
Ne4 Bxd4 19. Qxd4 Rad8 20. Rad1 Qc7 21. Qd6 Qxd6 22. Rxd6 Nc5 23. Rxd8 Rxd8 24.
Nxc5 bxc5 25. Re5 Rc8 26. Kf1 Kf8 27. Ke2 Ke7 28. Kd2 {1/2-1/2 Gyimesi,
Z-Chernin,A/Budapest HUN 2000/The Week in Chess 310 (28)}) 12. e4 dxe4 13. Nxe4
Nxe4 14. Rxe4 Bb7 15. Re3 Nf6 16. Ne5 Qc7 $2 {Bad decision. It is dangerous to
leave well protected pawn on d5. After 16... cd4 black has no problems.} (16...
cxd4 17. Bxd4 Qc7 (17... Bxg2 18. Kxg2 Rc8 19. Rd3 Qc7 20. Bb2 Rfd8 21. Rxd8+
Rxd8 22. Qf3 Bc5 23. Rd1 Rxd1 24. Qxd1 Qb7+ 25. f3 Qc7 26. Qd3 {1/2-1/2
Gyimesi,Z-Akopian,V/Dubai 1999/CBM 70 ext (26)}) 18. Bxb7 Qxb7 19. Qf3 Qxf3 20.
Rxf3 Rac8 21. Rd1 Rfd8 22. Rfd3 Kf8 {1/2-1/2 Van Wely,L-Kramnik,V/Wijk aan Zee
2000/CBM 75 (22)}) 17. d5 exd5 18. cxd5 {[%cal Ge5c6]} Rad8 19. Rd3 $16 Bd6 $6
(19... Ne8 {[%cal Ge8d6,Ge7f6] Probably would give more chances for black to
hold already not so pleasant position.}) 20. Nc6 {[%cal Gg2b7,Gc3g7]} Nxd5 {
Mistake in calculations,but the position is bad anyway.} (20... Bxc6 21. Bxf6
gxf6 22. dxc6 $18) {[%tqu "En","Find the best move for white.","","","c3g7",
"Correct. White is winning by force.",10]} 21. Bxg7 $1 Bxc6 (21... Kxg7 22.
Nxd8 Rxd8 23. Bxd5 $18) 22. Bxf8 Bxf8 23. Bxd5 Qe5 $6 {Sucrafising second
exchange ,but also unsuccesfully.} (23... Bg7 24. Rc1 $18) 24. Bxf7+ Kxf7 25.
Rxd8 {The rest is simple.} Qe4 26. f3 Qe3+ 27. Kg2 Bg7 28. Rd3 1-0